| 000 | 00459 a2200169 4500 | ||
|---|---|---|---|
| 005 | 20131126102437.0 | ||
| 008 | 131126b xxu||||| |||| 00| 0 eng d | ||
| 020 | _a9788132105329 | ||
| 080 |
_a330.101.541 _bIYE |
||
| 100 | _aIyengar, Murali | ||
| 245 |
_aMoney matters _bmacroeconomics and financial markets |
||
| 260 |
_bSage _c2011 _aLos Angeles |
||
| 300 | _axxiv, 177p. | ||
| 653 | _aMacro economics | ||
| 653 | _aEconomic policy - India | ||
| 942 | _cBK | ||
| 999 |
_c76841 _d76840 |
||